00626nam a2200217Ia 4500003000900000008004100009040001300050040001300063041000800076100001700084245003800101250001000139260002100149260000900170300000800179490000900187490000800196942000700204999001300211952018400224IT-RoPAU120407s9999 xx 000 0 und d aIT-RoPAU cIT-RoPAU aita aHenri Rollet aIl lavoro, gli operai e la Chiesa aRoma  aEdizioni Paoline c1960 c cm aEcuo v103 cBK c186d186 00102ddc406208_21103000000000071aPAULUSbPAULUSd2012-04-11l0o208.21103r2012-04-11 00:00:00w2012-04-11yBKzInserito da: In data: n.d. fondo: Via A.Severo 56 Progr:12904